قياس العلاقة بين تكامل أسلوب المراجعة الداخلية ومصدرها وقرار اعتماد المراجع الخارجي عليها : (رقم التسجيلة. 60846)
[ عرض عادي ]
| 000 -LEADER | |
|---|---|
| fixed length control field | 02350cam a2200325 a 4500 |
| 003 - CONTROL NUMBER IDENTIFIER | |
| control field | EG-GiCUC |
| 005 - DATE AND TIME OF LATEST TRANSACTION | |
| control field | 20250223031722.0 |
| 008 - FIXED-LENGTH DATA ELEMENTS--GENERAL INFORMATION | |
| fixed length control field | 170509s2017 ua f m 000 0 ara d |
| 040 ## - CATALOGING SOURCE | |
| Original cataloging agency | EG-GiCUC |
| Language of cataloging | ara |
| Transcribing agency | EG-GiCUC |
| 041 0# - LANGUAGE CODE | |
| Language code of text/sound track or separate title | ara |
| 049 ## - LOCAL HOLDINGS (OCLC) | |
| Holding library | ايداع |
| 097 ## - Thesis Degree | |
| Thesis Level | ماجستير |
| 099 ## - LOCAL FREE-TEXT CALL NUMBER (OCLC) | |
| Classification number | Cai01.05.02.M.Sc.2017.عم.ق |
| 100 0# - MAIN ENTRY--PERSONAL NAME | |
| Personal name | عمر خالد محمد عبدالمنعم زكى لبيب |
| 245 10 - TITLE STATEMENT | |
| Title | قياس العلاقة بين تكامل أسلوب المراجعة الداخلية ومصدرها وقرار اعتماد المراجع الخارجي عليها : |
| Remainder of title | دراسة تجريبية / |
| Statement of responsibility, etc. | عمر خالد محمد عبد المنـعم زكي لبيــب ؛ اشراف ثناء عطية فَّراج |
| 246 15 - VARYING FORM OF TITLE | |
| Title proper/short title | Measure the relationship between the integration of internal audit's approach and source and external auditor's reliance decision : |
| Remainder of title | Experimental Study |
| 260 ## - PUBLICATION, DISTRIBUTION, ETC. | |
| Place of publication, distribution, etc. | القاهرة : |
| Name of publisher, distributor, etc. | عـمر خالد محمد عبدالمنعم زكي لبيب : |
| Date of publication, distribution, etc. | 2017 |
| 300 ## - PHYSICAL DESCRIPTION | |
| Extent | 236 ورقة ؛ |
| Dimensions | 30سم |
| 502 ## - DISSERTATION NOTE | |
| Dissertation note | اطروحة (ماجستير) - جامعة القاهرة - كلية التجارة - قسم المحاسبة |
| 520 ## - SUMMARY, ETC. | |
| Summary, etc. | استهدفت الدراسة قياس العلاقة بين تكامل اسلوب المراجعة الداخلية ومصدرها وقرار اعتماد المراجع الخارجى على عملها وسعيا نحو تحقيق اهداف الدراسة واختبار مدى صحة فروضها ولقد سعى الباحث من خلال التجربة الاولى الى اختبار اثر اسلوب المراجعة الداخلية على محددات قرار اعتماد المراجع الخارجى على عملها بينما سعى من خلال التجربة الثانية الى اختبار اثر مصدر المراجعة الداخلية على محددات قرار اعتمادالمراجع الخارجى على عملها |
| 530 ## - ADDITIONAL PHYSICAL FORM AVAILABLE NOTE | |
| Additional physical form available note | صدر ايضا كقرص مدمج |
| 653 #4 - INDEX TERM--UNCONTROLLED | |
| Uncontrolled term | أسلوب المراجعة |
| 653 #4 - INDEX TERM--UNCONTROLLED | |
| Uncontrolled term | سياسة الأداء المشترك |
| 653 #4 - INDEX TERM--UNCONTROLLED | |
| Uncontrolled term | مصدر المراجعة الداخلية |
| 700 0# - ADDED ENTRY--PERSONAL NAME | |
| Personal name | ثناء عطية فَّراج : |
| Relator term | |
| 856 ## - ELECTRONIC LOCATION AND ACCESS | |
| Uniform Resource Identifier | <a href="http://172.23.153.220/th.pdf">http://172.23.153.220/th.pdf</a> |
| 905 ## - LOCAL DATA ELEMENT E, LDE (RLIN) | |
| Cataloger | Nazla |
| Reviser | Revisor |
| 905 ## - LOCAL DATA ELEMENT E, LDE (RLIN) | |
| Cataloger | Soheir |
| Reviser | Cataloger |
| 942 ## - ADDED ENTRY ELEMENTS (KOHA) | |
| Source of classification or shelving scheme | Dewey Decimal Classification |
| Koha item type | Thesis |
| Source of classification or shelving scheme | Not for loan | Home library | Current library | Date acquired | Full call number | Barcode | Date last seen | Koha item type | Copy number |
|---|---|---|---|---|---|---|---|---|---|
| Dewey Decimal Classification | المكتبة المركزبة الجديدة - جامعة القاهرة | قاعة الرسائل الجامعية - الدور الاول | 11.02.2024 | Cai01.05.02.M.Sc.2017.عم.ق | 01010100023198000 | 22.09.2023 | Thesis | ||
| Dewey Decimal Classification | المكتبة المركزبة الجديدة - جامعة القاهرة | مخـــزن الرســائل الجـــامعية - البدروم | 11.02.2024 | Cai01.05.02.M.Sc.2017.عم.ق | 01020100023198000 | 22.09.2023 | CD - Rom | 23198.CD |